000 00747nab a2200193 4500
001 244442
003 OSt
005 20230919120024.0
007 tu
008 200917s2020|||||||
040 _aDE-2950
_cDE-2950
245 0 0 _aGrüne legen Plan für die Innenstadt vor
_bPolitik. Von der Neubewertung einer Tram nach Slubice bis zur Forderung nach einem Vier-Sterne-Hotel: die Grünen in Frankfurt(O)der) haben sich nach dem Aus beim Rennen um das Zukunftszentrum in elf Punkten zum Stadtzentrum positioniert/
_cThomas Gutke
264 _c2023
653 _aFrankfurt (Oder)
653 _aDie Grünen
653 _aInnenstadtplan
773 0 _g34. Jahrgang (2023) Nr. 214 vom 13.09.2023, S. 15, mit Foto
_tMärkische Oderzeitung
942 _2z
_cA
999 _c372731
_d372731